Celebrity by picture - Statistics

General Stats
  • This quiz has been taken 125 times
  • The average score is 12 of 16
Answer Stats
Picture Answer % Correct
Ed Sheeran
98%
Barack Obama
95%
Taylor Swift
95%
Katy Perry
92%
Benedict Cumberbatch
85%
Chris Hemsworth
83%
Elton John
83%
Harry Styles
83%
Tom Holland
83%
Mariah Carey
79%
Marilyn Monroe
77%
Madonna
73%
Boris Johnson
67%
Audrey Hepburn
64%
Tom Hiddleston
47%
Ian McKellen
38%
No matching quizzes found
Score Distribution
Percent of People with Each Score
Percentile by Number Answered
Your Score History
You have not taken this quiz